[Event "Canadian zt (Women)"]
[Site "Toronto"]
[Date "2024.03.29"]
[Round "3"]
[White "Fiset, Anais Chloe"]
[Black "Li, Yeeshuen"]
[Result "1-0"]
[WhiteElo "1754"]
[BlackElo "1587"]
[PlyCount "51"]
[EventDate "2024.03.28"]
[EventType "team-swiss"]
[EventRounds "9"]
[EventCountry "CAN"]
[SourceTitle "CB15_2024"]
[SourceDate "2024.04.10"]
[SourceVersion "1"]
[SourceVersionDate "2024.04.10"]
[SourceQuality "1"]

1. e4 e5 2. Nf3 Nc6 3. Bc4 Bc5 4. b4 Bxb4 5. c3 Bc5 6. d4 exd4 7. cxd4 Bb4+ 8. Bd2 Bxd2+ 9. Nbxd2 d6 10. 0-0 Nf6 11. e5 dxe5 12. dxe5 Nd7 13. e6 fxe6 14. Bxe6 Nc5 15. Bc4 Be6 16. Re1 Qd6 17. Qe2 Kd7 18. Ne4 Nd4 19. Nxc5+ Ke7 20. Nxd4 Qxc5 21. Qxe6+ Kd8 22. Nc6+ Qxc6 23. Rad1+ Qd6 24. Rxd6+ cxd6 25. Qxd6+ Kc8 26. Be6# 1-0